Missing Word: Princess Bride Cast Quiz Stats

 Plays Quiz Updated Oct 24, 2017

Score 0/32 Timer 04:00
2 Plays Today
Hint Answer % Correct
Robin Wright (Buttercup)Gump
95.6%
Cary Elwes (Westley)Tights
94.3%
Billy Crystal (Miracle Max)Sally
94.1%
Chris Sarandon (Humperdinck)Christmas
94%
Wallace Shawn (Vizzini)Story
93.3%
Christopher Guest (Rugen)Few
92.1%
Billy Crystal (Miracle Max)Monsters
90.3%
Cary Elwes (Westley)Liar
89.7%
Chris Sarandon (Humperdinck)Night
87.9%
Billy Crystal (Miracle Max)This
87.3%
Christopher Guest (Rugen)Spinal
81.7%
Mandy Patinkin (Inigo)Dick
75.8%
Cary Elwes (Westley)Enchanted
69.4%
Wallace Shawn (Vizzini)Favorite
67.6%
Peter Falk (Grandfather)Mad
62%
Wallace Shawn (Vizzini)Mansion
62%
Hint Answer % Correct
Mandy Patinkin (Inigo)Wish
55.7%
Wallace Shawn (Vizzini)Movie
54.3%
Peter Falk (Grandfather)Tale
54.1%
Peter Falk (Grandfather)7
37.9%
Christopher Guest (Rugen)Lying
37.8%
Christopher Guest (Rugen)Small
30.3%
Chris Sarandon (Humperdinck)Child's
29.9%
Robin Wright (Buttercup)Just
24.3%
Peter Falk (Grandfather)Great
21.3%
Mandy Patinkin (Inigo)Guns
15.7%
Mandy Patinkin (Inigo)Hero
10%
Chris Sarandon (Humperdinck)Cause
7.9%
Robin Wright (Buttercup)Barbara
7.3%
Cary Elwes (Westley)Shadow
6%
Robin Wright (Buttercup)Private
5.3%
Billy Crystal (Miracle Max)Apartments
1.8%

Today's Daily Dose

You're not logged in!

Compare scores with friends on all Sporcle quizzes.
OR
Log In

You Might Also Like...

Show Comments

Extras

Top Quizzes Today


Score Distribution

Your Account Isn't Verified!

In order to create a playlist on Sporcle, you need to verify the email address you used during registration. Go to your Sporcle Settings to finish the process.

Report this User

Report this user for behavior that violates our Community Guidelines.

Details: